Travels in the United States of America, and part of Upper Canada /

Bibliographic Details
Main Author: Dalton, William, 1802-1873
Format: Book
Language:English
Published: Appleby [England] : R. Bateman, 1821.
Subjects:

MARC

Tag First Indicator Second Indicator Subfields
LEADER 00000cam a2200000 4500
001 in00000671069
005 20151015091115.0
008 801010r18211821miu a 00010 eng d
035 |a (OCoLC)06810595 
035 |9 ACY5153AM 
040 |a EEU  |c TXA  |d UtOrBLW 
049 |a TXAI 
090 |a E165  |b .D15 
099 |a film  |a B  |a 1512  |a reel  |a 99.1 
100 1 |a Dalton, William,  |d 1802-1873. 
245 1 0 |a Travels in the United States of America, and part of Upper Canada /  |c By Wm. Dalton. 
264 1 |a Appleby [England] :  |b R. Bateman,  |c 1821. 
300 |a vii (i.e. viii), 256 pages ;  |c 20 cm. 
336 |a text  |b txt  |2 rdacontent 
337 |a microform  |b h  |2 rdamedia 
338 |a microfilm reel  |b hd  |2 rdacarrier 
500 |a Microfilm. Ann Arbor, Mich., University Microfilms [n.d.] (American culture series, Reel 99.1) 
500 |a Microform. 
651 0 |a Atlantic States  |x Description and travel. 
651 0 |a New York (State)  |x Description and travel. 
651 0 |a Ontario  |x Description and travel. 
999 |a MARS 
999 f f |s d5d357b6-e577-3002-97ee-c54d1765fd45  |i 2cdbcfae-b3e7-3d33-be51-6822e526ac8c  |t 0 
952 f f |p default  |a Texas A&M University  |b College Station  |c Sterling C. Evans Library  |d Evans: Microforms (3rd floor)  |t 0  |e film B 1512 reel 99.1  |h Other scheme  |i microform -- microfilm reel 
998 f f |a film B 1512 reel 99.1  |t 0  |l Evans: Microforms (3rd floor)